Sklonnosc i zdolnosc przedsiebiorstwa do rozwoju w warunkach przebudowy systemu funkcjonowania gospodarki.
O výskume vykonanom v 17 priemyselných podnikoch v Poľsku a o jeho výsledkoch. Podmienky činnosti skúmaných podnikov. Konceptualizácia funkcie rozvoja podniku. Uskutočnenie rozvojovej funkcie podniku. Zhrnutie.
Na minha lista:
| Autor principal: | |
|---|---|
| Formato: | Capítulo de Livro |
| Idioma: | polonês |
| Assuntos: | |
| Tags: |
Sem tags, seja o primeiro a adicionar uma tag!
|
MARC
| LEADER | 00000naa a2200000 4500 | ||
|---|---|---|---|
| 001 | r010654 | ||
| 005 | 20221125123019.6 | ||
| 041 | 0 | |a pol | |
| 044 | |a PL | ||
| 245 | 1 | 0 | |a Sklonnosc i zdolnosc przedsiebiorstwa do rozwoju w warunkach przebudowy systemu funkcjonowania gospodarki. |c G. Osbert-Pociecha |
| 520 | |a O výskume vykonanom v 17 priemyselných podnikoch v Poľsku a o jeho výsledkoch. Podmienky činnosti skúmaných podnikov. Konceptualizácia funkcie rozvoja podniku. Uskutočnenie rozvojovej funkcie podniku. Zhrnutie. | ||
| 610 | 2 | 0 | |a podnik |
| 610 | 2 | 0 | |a hospodárstvo trhové |
| 610 | 2 | 0 | |a PR |
| 610 | 2 | 0 | |a ukazovatele ekonomické |
| 100 | 1 | |a Osbert-Pociecha, G. | |